<?xml version="1.0" encoding="UTF-8"?>
<record
    xmlns:xsi="http://www.w3.org/2001/XMLSchema-instance"
    xsi:schemaLocation="http://www.loc.gov/MARC21/slim http://www.loc.gov/standards/marcxml/schema/MARC21slim.xsd"
    xmlns="http://www.loc.gov/MARC21/slim">

  <leader>     nas a22     7u 4500</leader>
  <datafield tag="999" ind1=" " ind2=" ">
    <subfield code="c">8105</subfield>
    <subfield code="d">8105</subfield>
  </datafield>
  <controlfield tag="001">WIIW0000061</controlfield>
  <controlfield tag="003">OSt</controlfield>
  <controlfield tag="005">20171206182057.0</controlfield>
  <controlfield tag="007">cz ||||||||</controlfield>
  <controlfield tag="008">171206c20009999a  ar||||||||||0| |0ger d</controlfield>
  <datafield tag="040" ind1=" " ind2=" ">
    <subfield code="c">OSt</subfield>
  </datafield>
  <datafield tag="041" ind1=" " ind2=" ">
    <subfield code="a">ger</subfield>
  </datafield>
  <datafield tag="245" ind1="1" ind2="0">
    <subfield code="a">Statistisches Jahrbuch &#xD6;sterreichs</subfield>
    <subfield code="h">[Elektronische Ressource]</subfield>
  </datafield>
  <datafield tag="260" ind1=" " ind2=" ">
    <subfield code="a">[Wien] : </subfield>
    <subfield code="b">Statistik Austria.</subfield>
  </datafield>
  <datafield tag="300" ind1=" " ind2=" ">
    <subfield code="a">CD-ROM</subfield>
  </datafield>
  <datafield tag="362" ind1="1" ind2=" ">
    <subfield code="a">2001(2000) -</subfield>
  </datafield>
  <datafield tag="363" ind1="0" ind2="1">
    <subfield code="i">2001</subfield>
  </datafield>
  <datafield tag="651" ind1=" " ind2=" ">
    <subfield code="a">Austria</subfield>
  </datafield>
  <datafield tag="655" ind1=" " ind2=" ">
    <subfield code="a">Statistical Yearbook</subfield>
  </datafield>
  <datafield tag="710" ind1="2" ind2=" ">
    <subfield code="a">Statistik Austria</subfield>
  </datafield>
  <datafield tag="775" ind1="0" ind2="8">
    <subfield code="a">Statistisches Jahrbuch &#xD6;sterreichs [printed Edition]</subfield>
    <subfield code="w">5677</subfield>
  </datafield>
  <datafield tag="942" ind1=" " ind2=" ">
    <subfield code="c">CD</subfield>
  </datafield>
  <datafield tag="952" ind1=" " ind2=" ">
    <subfield code="0">0</subfield>
    <subfield code="1">0</subfield>
    <subfield code="4">0</subfield>
    <subfield code="7">0</subfield>
    <subfield code="a">BIB</subfield>
    <subfield code="b">BIB</subfield>
    <subfield code="c">1</subfield>
    <subfield code="d">2017-12-06</subfield>
    <subfield code="e">Statistik Austria</subfield>
    <subfield code="h">2018</subfield>
    <subfield code="l">0</subfield>
    <subfield code="p">2000000000886</subfield>
    <subfield code="r">2017-12-06 00:00:00</subfield>
    <subfield code="w">2017-12-06</subfield>
    <subfield code="y">CD</subfield>
  </datafield>
  <datafield tag="952" ind1=" " ind2=" ">
    <subfield code="0">0</subfield>
    <subfield code="1">0</subfield>
    <subfield code="4">0</subfield>
    <subfield code="7">0</subfield>
    <subfield code="a">BIB</subfield>
    <subfield code="b">BIB</subfield>
    <subfield code="c">1</subfield>
    <subfield code="d">2016-12-01</subfield>
    <subfield code="e">Statistik Austria</subfield>
    <subfield code="h">2017</subfield>
    <subfield code="l">0</subfield>
    <subfield code="p">2000000000893</subfield>
    <subfield code="r">2017-12-07 00:00:00</subfield>
    <subfield code="w">2016-12-01</subfield>
    <subfield code="y">CD</subfield>
  </datafield>
  <datafield tag="952" ind1=" " ind2=" ">
    <subfield code="0">0</subfield>
    <subfield code="1">0</subfield>
    <subfield code="4">0</subfield>
    <subfield code="7">0</subfield>
    <subfield code="a">BIB</subfield>
    <subfield code="b">BIB</subfield>
    <subfield code="c">1</subfield>
    <subfield code="d">2016-04-21</subfield>
    <subfield code="e">Statistik Austria</subfield>
    <subfield code="h">2016</subfield>
    <subfield code="l">0</subfield>
    <subfield code="p">2000000000909</subfield>
    <subfield code="r">2017-12-07 00:00:00</subfield>
    <subfield code="w">2016-04-21</subfield>
    <subfield code="y">CD</subfield>
  </datafield>
  <datafield tag="952" ind1=" " ind2=" ">
    <subfield code="0">0</subfield>
    <subfield code="1">0</subfield>
    <subfield code="4">0</subfield>
    <subfield code="7">0</subfield>
    <subfield code="a">BIB</subfield>
    <subfield code="b">BIB</subfield>
    <subfield code="c">1</subfield>
    <subfield code="d">2016-04-21</subfield>
    <subfield code="e">Statistik Austria</subfield>
    <subfield code="h">2015</subfield>
    <subfield code="l">0</subfield>
    <subfield code="p">2000000000916</subfield>
    <subfield code="r">2017-12-07 00:00:00</subfield>
    <subfield code="w">2016-04-21</subfield>
    <subfield code="y">CD</subfield>
  </datafield>
  <datafield tag="952" ind1=" " ind2=" ">
    <subfield code="0">0</subfield>
    <subfield code="1">0</subfield>
    <subfield code="2">z</subfield>
    <subfield code="4">0</subfield>
    <subfield code="7">0</subfield>
    <subfield code="a">BIB</subfield>
    <subfield code="b">BIB</subfield>
    <subfield code="c">1</subfield>
    <subfield code="d">2018-11-30</subfield>
    <subfield code="e">Statistik Austria</subfield>
    <subfield code="h">2019</subfield>
    <subfield code="l">0</subfield>
    <subfield code="p">2000000007366</subfield>
    <subfield code="r">2020-02-21 00:00:00</subfield>
    <subfield code="w">2018-11-30</subfield>
    <subfield code="y">CD</subfield>
  </datafield>
</record>
